| 000 | 00821nam a22002177a 4500 | ||
|---|---|---|---|
| 999 |
_c940 _d940 |
||
| 003 | AR-CdUCM | ||
| 008 | 190225b ||||| |||| 00| 0 spa d | ||
| 040 |
_aMUNICIPALIDAD PROVINCIAL DEL CUSCO _cBIBLIOTECA MUNICIPAL DEL CUSCO |
||
| 082 |
_a943.8 / _bV63 |
||
| 100 |
_aVidal Henderson, Enrique _93638 |
||
| 245 | _aJurisprudencia del código tributario 1964-1985 / | ||
| 260 |
_aCusco : _bCultural Cuzco , _c1987. |
||
| 300 |
_a305 páginas ; _c20 cm. |
||
| 505 | _aNormas generales -- Obligación tributaria -- Procedimiento tributario -- Reclamaciones y recursos -- Infracciones y sanciones. | ||
| 650 |
_aProcedimiento tributario. _93639 |
||
| 650 |
_aReclamos y recursos. _93640 |
||
| 650 |
_aObligaciones tributarias. _93641 |
||
| 650 |
_aNormas generales. _93642 |
||
| 942 |
_2ddc _cLIBROS |
||
| 945 |
_awfj _d2019-02-25 |
||